[Event "Capablanca Memorial-A"]
[Site "Cuba"]
[Date "1993.??.??"]
[Round "6"]
[White "Hebden, Mark"]
[Black "Vera Gonzalez Quevedo, Reynaldo"]
[Result "1-0"]
[WhiteElo "2520"]
[BlackElo "2515"]
[Annotator "Ftacnik,L"]
[PlyCount "83"]
[EventDate "1993.??.??"]
[EventType "tourn"]
[EventRounds "13"]
[EventCountry "CUB"]
[EventCategory "10"]
[SourceTitle "CBM 036"]
[Source "ChessBase"]
[SourceDate "1993.10.01"]
[SourceVersion "1"]
[SourceVersionDate "1993.10.01"]
[SourceQuality "1"]

1. d4 Nf6 2. Nf3 c5 3. d5 g6 4. Nc3 Bg7 5. e4 O-O 6. h3 d6 (6... b5 7. e5 $1)
7. a4 e6 8. Be2 exd5 9. exd5 Bf5 10. Nd2 $1 Na6 11. Nc4 Re8 (11... Nb4 12. Ne3)
12. Ne3 Bd7 13. O-O Qe7 14. Bf3 Nc7 15. Bd2 Qf8 16. Re1 b6 (16... Bh6 $5) 17.
Nc4 Rxe1+ 18. Qxe1 Nfe8 (18... Bh6 19. Bxh6 Qxh6 20. Qe7 $16) 19. Bg5 f6 20.
Bf4 f5 21. Qd2 h6 22. h4 Rd8 23. Be2 Kh7 24. g3 Bc8 $2 (24... Qf6 $14) 25. Nb5
$1 Bb7 26. Bf3 Qg8 (26... Nxb5 27. axb5 Ra8 $16) 27. Ncxd6 Nxb5 28. Nxb5 a6 (
28... Bxd5 29. c4 $16) 29. Nc3 Rd7 30. Qd3 Qf7 31. Re1 $16 Nf6 32. d6 Bxf3 33.
Qxf3 Nh5 34. Be5 $1 Bxe5 35. Rxe5 Rxd6 36. Qe2 Rd7 37. Qxa6 f4 38. g4 Nf6 39.
f3 $1 Kg7 $2 $138 (39... Nd5 $1 $16) 40. Qxb6 Rb7 41. Qd6 c4 42. g5 1-0

[Event "Leon"]
[Site "Leon"]
[Date "1993.??.??"]
[Round "9"]
[White "Garcia Ilundain, David"]
[Black "Leko, Peter"]
[Result "0-1"]
[WhiteElo "2475"]
[BlackElo "2465"]
[Annotator "Ftacnik,L"]
[PlyCount "84"]
[EventDate "1993.05.??"]
[EventType "tourn"]
[EventRounds "9"]
[EventCountry "ESP"]
[EventCategory "12"]
[SourceTitle "CBM 036"]
[Source "ChessBase"]
[SourceDate "1993.10.01"]
[SourceVersion "1"]
[SourceVersionDate "1993.10.01"]
[SourceQuality "1"]

1. d4 Nf6 2. Nf3 c5 3. d5 g6 4. Nc3 Bg7 5. e4 O-O $6 6. Be2 (6. a4 $5) 6... b5
$5 7. e5 (7. Bxb5 Nxe4 8. Nxe4 Qa5+ 9. Nc3 Bxc3+ 10. bxc3 Qxb5) 7... Ng4 8. Bf4
b4 9. Ne4 Qb6 10. h3 Nh6 11. Qd2 Nf5 12. g4 Nd4 13. Nxd4 cxd4 14. O-O-O (14.
O-O $5) 14... a5 15. Bh6 (15. Qxd4 Qxd4 16. Rxd4 d6 $1) (15. h4 $5) 15... Bxe5
$5 16. Bxf8 Kxf8 17. f4 $2 (17. Qh6+ Kg8 (17... Bg7 18. Qxh7 a4 $132) 18. Ng5 (
18. h4 $5) 18... Bf4+ 19. Kb1 Bxg5 20. Qxg5 f6 21. Qf4 $1) 17... Bg7 18. f5 Bb7
19. Bc4 d6 20. h4 Nd7 21. fxg6 hxg6 22. h5 Ne5 23. Bd3 Bxd5 24. hxg6 Qc6 25.
Ng3 $6 (25. Rhe1) 25... Bxh1 26. Rxh1 fxg6 27. Ne4 Kg8 28. Kb1 Nxd3 29. cxd3 (
29. Qxd3 d5 30. Ng3 e5 $17) 29... Qb5 30. Ka1 Rf8 31. Qg2 Qxd3 32. Ng5 Qc4 33.
Qh3 Rf2 34. Rb1 d3 35. Qh7+ Kf8 36. Qh1 d5 37. Ne6+ Kf7 38. Qh7 Kxe6 39. Qxg7
d2 40. Qxg6+ Kd7 41. Qb6 Rf1 42. Qa7+ Ke8 0-1

[Event "EU-ch 4th"]
[Site "Istanbul"]
[Date "2003.06.13"]
[Round "13"]
[White "Ftacnik, Lubomir"]
[Black "Banikas, Hristos"]
[Result "1-0"]
[WhiteElo "2611"]
[BlackElo "2542"]
[Annotator "Ftacnik,L"]
[PlyCount "103"]
[EventDate "2003.05.30"]
[EventType "swiss"]
[EventRounds "13"]
[EventCountry "TUR"]
[SourceTitle "CBM 096"]
[Source "ChessBase"]
[SourceDate "2003.09.25"]
[SourceVersion "1"]
[SourceVersionDate "2003.09.25"]
[SourceQuality "1"]

1. d4 {Finkel,A} Nf6 2. Nf3 c5 3. d5 b5 4. Bg5 Ne4 5. Bh4 Bb7 6. a4 Qa5+ 7.
Nbd2 bxa4 {'?!' Finkel,A.} (7... Bxd5 {Finkel,A} 8. axb5 Qc7 (8... Qb6 9. e3 e6
(9... Nxd2 10. Qxd2 Qb7 11. c4 Be4 12. Bd3 d6 13. O-O Nd7 14. Bxe4 Qxe4 15. b3
$14 {Cosma,E-Chatalbashev,B/Metz 2002}) 10. c4 Bb7 11. Nxe4 Bxe4 12. Bd3 Qb7
13. Qc2 Bxd3 14. Qxd3 {Stempin,P-Malachowski,T/Warsaw 1987}) (8... Qb4 $2 9. c4
Bb7 10. Qc2 Nxd2 11. Nxd2 g5 12. Ra4 $18 {Yakovich,Y-Scetinin,A/Leeuwarden 1995
}) 9. Ra4 Qb7 (9... Nxd2 10. Qxd2 Qb7 11. e3 d6 12. Be2 Nd7 13. Qc3 Rg8 14. O-O
g5 15. Bg3 Nb6 16. Ra5 h5 $36 {Dobrov,V-Moiseenko,A/St Petersburg 2001}) 10. c4
Nxd2 11. cxd5 (11. Qxd2 Be4 12. e3 a6 (12... d6 13. Bd3 Nd7 14. Qc2 Bxd3 15.
Qxd3 g6 16. O-O Bg7 17. b3 Nb6 18. Ra6 {1/2-1/2 Gormally,D-Repkova,E/Wroxham
2002/CBM 87 ext (18)}) 13. Be2 axb5 14. Rxa8 Qxa8 15. cxb5 d5 16. O-O Nd7 17.
Qc3 f6 18. Nd2 Bg6 19. b3 $36 {Gschnitzer,O-Loeffler,S/Germany 1988/GER-chT2})
11... Nxf1 12. Qd3 d6 13. e4 Nd7 14. Qxf1 h6 15. Qe2 g5 16. Bg3 Bg7 17. e5 $16
{Kasparov,G-Miles,A/Basel 1986/MCL}) (7... Nxd2 {Finkel,A} 8. Nxd2 Bxd5 9. e4 (
9. axb5 Qc7 10. e3 g6 11. Nc4 Bb7 12. Be2 d6 13. Na5 Bg7 14. Bf3 $18 {
Ikonnikov,V-Szieberth,A/Budapest 1998}) 9... Bb7 10. axb5 Qb6 11. Bd3 a6 12.
bxa6 Nxa6 13. O-O Nb4 14. Nc4 Rxa1 15. Qxa1 Qa6 16. Qxa6 Bxa6 17. Ra1 $16 {
Savchenko,S-Caposciutti,M/Portoroz 1996}) 8. c3 f5 $5 {The talented Greek is
intitively improving the theory in a very suspect variaton. Black will have
surprisingly strong counterplay for the strategically endangered position.} (
8... Nxd2 {Finkel,A} 9. Qxd2 d6 10. e4 Nd7 11. Qc2 Nb6 12. Be2 g6 13. O-O Bg7
14. Nd2 $16) 9. Rxa4 Qb6 (9... Qb5 10. Qa1 $1 (10. Qc2 Qb6 11. c4 Nxd2 12. Nxd2
e6 13. e3 Bd6 $11) 10... Qb6 11. Nc4 Qh6 12. Ne3 (12. e3 a6 13. Qd1 g5 14. Bg3
Nxg3 15. fxg3 g4 16. Nh4 e6 $11) 12... Qb6 (12... f4 13. Ng4 (13. Nf5 $6 Qg6
14. Rxa7 Qb6 15. Rxa8 Bxa8 16. e3 g6 $15) 13... Qd6 14. Rxe4 Bxd5 15. Ra4 Bxf3
16. exf3 h5 17. Ne3 fxe3 18. fxe3 $16) 13. Ng5 Nxg5 14. Bxg5 $16) 10. Nxe4 (10.
Nc4 Qh6 11. Ne3 $5 (11. e3 g5 12. Qb3 Bxd5 (12... Ba6 13. Nce5 Bc8 14. Qa3 Bg7
15. Rxa7 Rxa7 16. Qxa7 Bxe5 17. Nxe5 Qxh4 18. g3 Nxg3 19. Qxb8 O-O 20. Nf3 Qe4
21. Qxg3 Qb1+ 22. Kd2 Qxb2+ $11) 13. Rxa7 Rxa7 14. Qxb8+ Kf7 15. Qxa7 gxh4 16.
Nfe5+ Kg7 17. Qxd7 $18) 11... Qd6 (11... e6 12. g4 fxg4 13. Rxe4 gxf3 14. Qb3
$18) 12. Qb3 Qb6 13. Qa2 $14) 10... fxe4 11. Ng5 {'!' Finkel,A. Finkel,A:
'After this strong move black is in serious troubles. '} (11. Rxe4 {'?' Finkel,
A.} Qxb2 12. c4 (12. Re3 a5 13. Ne5 (13. g3 {Finkel,A} a4 14. Bg2 a3 15. O-O a2
$17) 13... Qa2 14. Rd3 g6 15. e4 Bg7 16. f4 Ba6 $15) 12... Na6 (12... a5 13.
Bg3 a4 14. Be5 Qb6 15. Qa1 e6 16. e3 $14) 13. e3 Nb4 14. Be2 Na2 15. Rf4 Nc3
16. Qd2 Qa1+ 17. Bd1 Qxd1+ 18. Qxd1 Nxd1 19. Kxd1 e6 $11) 11... e6 (11... Qxb2
12. Nxe4 e6 (12... g6 {Finkel,A} 13. e3 Bg7 14. Bc4 Bxc3+ 15. Nxc3 Qxc3+ 16.
Qd2 $16) 13. dxe6 dxe6 (13... Bxe4 14. exd7+ Nxd7 (14... Kf7 15. d8=Q) 15.
Rxe4+ $18) 14. Qd8+ (14. f3 Bd5 15. e3 Nc6 $13) 14... Kf7 15. f3 Bd5 16. Qc7+
Kg6 17. Qg3+ $14) (11... e3 $5 {Finkel,A} 12. b3 Qd6 13. c4 e6 $132) 12. dxe6 (
12. Rxe4 Qxb2 13. Re3 Be7 14. dxe6 d5 15. Nf3 Bxh4 16. Nxh4 d4 17. cxd4 Qb4+
18. Qd2 Qb1+ $11) 12... Be7 13. exd7+ {'!?' Finkel,A. Finding a way in a maze
of variations was not easy over the board, even home analyses has proved
surisingly vital black's counterchances.} (13. Nxe4 Bxh4 $1 (13... Qxb2 $2 14.
Bxe7 Bxe4 15. Bxc5 $1 Qxc3+ 16. Qd2 Qxc5 17. exd7+ Nxd7 18. Rxe4+ Kf8 19. e3
$18) (13... d5 {Finkel,A} 14. Bxe7 Kxe7 15. Nd2 Qxb2 16. c4 Rd8 $13) (13...
Bxh4 14. Nd6+ Ke7 15. Nf5+ (15. Nxb7 Bxf2+ 16. Kxf2 Qxb7 17. Rf4 dxe6 18. Qd3
Nd7 $132) 15... Kxe6 16. e4 Bg5 17. Bc4+ Kf6 18. h4 $18) 14. Nd6+ Ke7 15. Nxb7
(15. Nf5+ Kxe6 16. Nxh4 (16. e4 {Finkel,A} Bg5 17. Bc4+ Kf6 18. h4 $18) 16...
Qxb2 $15) 15... Qxb7 $1 (15... Bxf2+ 16. Kxf2 Qxb7 17. exd7 (17. Rf4 {Finkel,A}
dxe6 18. Qd3 Nd7 $132) 17... Nxd7 18. Kg1 $16) (15... Bf6 $2 16. Qd5 $18) 16.
Rxh4 Qxb2 17. Rh3 (17. Rc4 dxe6 18. Qd2 Qb1+ 19. Qd1 Qxd1+ 20. Kxd1 Nd7 21. g3
a5 $15) 17... dxe6 18. f4 Rd8 19. Qa4 Nd7 $15) 13... Nxd7 14. Nxe4 Qxb2 15.
Bxe7 Bxe4 16. Bg5 (16. Rxe4 Qxc3+ 17. Qd2 Qa1+ 18. Qd1 $11) (16. Bd6 Qxc3+ 17.
Qd2 Qxd2+ 18. Kxd2 O-O-O 19. Rxe4 (19. Rxa7 $2 Nf6 $19) 19... Nb6 20. e3 Rxd6+
21. Kc3 Rf8 $11) 16... Qxc3+ 17. Qd2 (17. Bd2 Qe5 18. f3 Bc6 19. Ra3 O-O 20. e4
$14) 17... Qxd2+ (17... Qe5 18. f3 Bc6 19. Ra6 Nb6 (19... Bb5 20. Bf4 Qe7 21.
Qd5 $16) 20. e4 O-O 21. Be3 $16) 18. Kxd2 {[%mdl 4096] White is enjoying
bishop's pair and better pawn structure, huge disadvantage is a completely
undeveloped kingside. In the endgame he stands good chance of coordianting own
forces and obtaining real advantage.} (18. Bxd2 Bc6 19. Ra5 Ke7 20. f3 Rhb8 21.
e4 (21. Bc3 g6 22. e4 a6 23. Kd2 Bb5 $13) 21... Rb1+ 22. Kf2 a6 23. Rg1 Rb2 $13
) 18... Bc6 19. Ra5 O-O $6 (19... Rf8 $5 20. f3 Rf5 (20... h6 21. Bh4 Rf4 22.
Bg3 Ra4 23. Rxa4 Bxa4 24. e4 a5 25. Kc3 $14) 21. h4 Rd5+ 22. Kc3 Rd1 23. e4 Rb1
24. Bf4 Ke7 25. Rg1 a6 26. Kc2 Rb6 27. Bc4 $14) 20. f3 Rf5 21. h4 Rd5+ (21...
Nb6 22. Kc3 (22. e4 Bxe4 23. fxe4 Rxf1 24. Rxf1 Nc4+ 25. Kc3 Nxa5 26. Be7 Rc8
27. Ra1 Nc6 $11) 22... Nd5+ 23. Kc2 c4 24. Kc1 Rff8 25. e4 Nb6 26. Be3 $16) 22.
Kc3 c4 23. Rxd5 (23. Ra2 Bb5 (23... Nb6 24. e4 Rd7 25. Be2 Bb5 26. Be3 $16) 24.
e4 Rc5 25. Be2 a6 26. Rd1 Rcc8 $14) 23... Bxd5 24. e4 Be6 25. Be2 Rb8 (25... a5
26. Ra1 a4 27. Ra3 Ne5 28. Be3 $16) 26. Ra1 Rb3+ (26... Rb7 27. Ra6 Bf7 28. Kc2
Nb6 29. Be3 $16) 27. Kc2 (27. Kd4 Rb2 28. Bf1 Rb7 29. Ra6 Nb6 30. Kc3 $16)
27... Ne5 (27... Nc5 28. Rxa7 (28. Bd2 a6 29. Bc3 Kf7 30. g4 Rb7 $14) 28... Nd3
29. Re7 Nb4+ 30. Kc1 Na2+ 31. Kd2 c3+ 32. Ke1 $16) 28. Ra6 $5 {I admitt to
beeing quite unhappy with my choice in this critical moment after the game.
Objectively speaking the move played is good enough.} (28. Bd2 Nc6 (28... Rb7
29. Ra6 Kf7 30. Bc3 $16) 29. Bc3 Rb5 30. f4 a5 31. Rd1 Rc5 32. Rb1 $16) 28...
Rb6 29. Rxa7 (29. Rxb6 axb6 30. Kc3 b5 31. Kb4 Bd7 32. Be3 $14) 29... Nc6 30.
Ra8+ Kf7 31. Be3 Rb3 32. Bc5 Rb5 33. Rf8+ (33. Bf2 $5 Rb3 34. f4 c3 (34... Nb4+
35. Kc1 Nd3+ 36. Bxd3 cxd3 (36... Rxd3 37. Ra7+ Kg8 38. f5 Bd7 39. Rc7 Bb5 40.
e5 $18) 37. Ra7+ Kg8 38. Bd4 $18) 35. Bc5 Rb2+ 36. Kd3 (36. Kxc3 Rxe2 37. Rf8+
Kg6 38. f5+ Bxf5 39. exf5+ Kh5 40. Rg8 Re5 $16) 36... g6 37. Ra1 Rd2+ 38. Ke3
$18) 33... Kg6 34. Be3 Rb3 35. Bc5 Rb5 36. Bf2 Ra5 {This is the consequence of
the move 33.Rf8+, since the squares on the a file can be used by black.} (36...
Rb3 37. Kc1 Nb4 38. Ra8 Nd3+ 39. Bxd3 Rxd3 40. f4 $16) 37. Kb2 (37. Kb1 $5 Ne5
38. f4 Bg4 39. Bxg4 Nxg4 40. Bd4 Kh5 41. g3 $16) 37... h5 (37... Nb4 38. h5+ $1
(38. Kc3 Nd3 (38... Nc6 39. f4 Ra3+ 40. Kb2 Rb3+ 41. Kc1 $18) 39. Be3 Ra2 40.
Bf1 Ra1 41. g4 h5 42. Bh3 Kh7 43. Re8 Ra3+ 44. Kd4 Ne1) 38... Kxh5 39. f4+ Kh6
(39... Bg4 40. Bxc4 $16) 40. f5 Ra2+ 41. Kc3 Rxe2 (41... Bxf5 42. Bxc4 Rxf2 43.
Kxb4 $18) 42. fxe6 Nc6 43. Kxc4 $18) 38. Bd1 (38. f4 c3+ 39. Kxc3 Ra3+ 40. Kd2
Ra2+ $11) 38... Ne5 39. Bd4 (39. Bc2 Nd3+ 40. Bxd3 cxd3 41. Be3 Bc4 42. Kc3 Ba6
43. Rd8 $16) 39... Nd3+ 40. Kb1 Rb5+ (40... Bf7 41. g3 $16) 41. Kc2 Ne1+ 42.
Kd2 $2 {The modern FIDE time control has a consequence, that quality of the
realisation in similar positions naturally suffers. Much better was the
retreat of the king to the square c3.} (42. Kc3 $1 Nxg2 (42... Rb1 43. Kd2 Nxg2
44. Bc2 Rb3 45. f4 $18) 43. f4 Nxh4 (43... Bg4 44. f5+ Kh7 45. Rf7 Bxd1 46.
Rxg7+ Kh6 47. Rxg2 $18) (43... Kh7 44. f5 Bg8 45. Bf2 Re5 46. Bxh5 Nf4 47. Re8
$18) 44. Bf2 Ng2 45. f5+ Bxf5 46. exf5+ Kg5 47. f6 $18) 42... Nxg2 43. f4 Nxh4
44. Bf2 Rb2+ (44... Ng2 45. f5+ Bxf5 46. exf5+ Kg5 47. Bc2 $18) 45. Bc2 Nf3+ (
45... Bd7 46. Kc3 Rxc2+ 47. Kxc2 Nf3 48. f5+ Kh7 49. Rf7 $16) 46. Kc3 Rxc2+ (
46... Ra2 47. f5+ Bxf5 48. exf5+ Kg5 49. Rf7 $18) 47. Kxc2 Bg4 (47... Kh7 48.
f5 Bd7 49. Rf7 Bc6 50. Re7 Ng5 51. f6 $18) 48. Rh8 (48. Kc3 h4 49. Rh8 h3 50.
Kxc4 h2 51. f5+ Kf7 52. Kd5 g6 53. fxg6+ Kg7 54. Bd4+ Nxd4 55. Rxh2 Nf3 $14)
48... Bd7 (48... Kf7 49. Kc3 g5 50. f5 h4 51. Kxc4 h3 52. Kd5 h2 53. Bg3 Kg7
54. Rxh2 Nxh2 55. Bxh2 Bf3 56. Bg1 $18) 49. Kc3 (49. Ra8 h4 50. Kc3 Kh5 51.
Kxc4 Kg4 $132) 49... Bc6 50. f5+ Kg5 (50... Kf7 51. Bc5 Kf6 52. Bd4+ Kg5 53.
Be3+ (53. Rg8 Bxe4 54. f6 Nxd4 55. Kxd4 Bg6 56. fxg7 Kh6 $11) 53... Kf6 $1 54.
Bh6 Bxe4 55. Rf8+ Ke5 56. Bxg7+ Kf4 57. f6 Bd5 58. Ra8 Ne5 $14) 51. Be3+ Kh4 $2
{Banikas has survived very difficult middle game and unpleasant endgame, only
to throw away the draw in a simple position with one weak move. After the
correct move 51...Kf6! the defense woul triumph in the game.} (51... Kf6 $1 52.
Bd4+ Kg5 $14) (51... Kg4 52. Rg8 Bxe4 53. f6 $18) 52. Rg8 (52. Rc8 $1 Bb7 53.
Rc7 Bxe4 54. Rxc4 Ng5 55. Kd2 Kg4 56. Ke2 h4 57. Bxg5 Kxg5 58. Rxe4 $18) (52.
Rg8 Bxe4 53. Rxg7 Bxf5 54. Bf2+ Kh3 55. Rg3+ Kh2 56. Rxf3 $18) 1-0

[Event "IBM-17 Grootmeestergroep A"]
[Site "Amsterdam"]
[Date "1977.06.??"]
[Round "10"]
[White "Sosonko, Gennadi"]
[Black "Torre, Eugenio"]
[Result "0-1"]
[WhiteElo "2530"]
[BlackElo "2550"]
[Annotator "Gagarin,V"]
[PlyCount "70"]
[EventDate "1977.06.28"]
[EventType "tourn"]
[EventRounds "15"]
[EventCountry "NED"]
[EventCategory "11"]
[SourceTitle "MCL"]
[Source "ChessBase"]
[SourceDate "1999.07.01"]
[SourceVersion "1"]
[SourceVersionDate "1999.07.01"]
[SourceQuality "1"]

1. d4 c5 2. d5 Nf6 3. Nc3 g6 4. e4 d6 5. Nf3 Bg7 6. Be2 O-O 7. O-O Na6 8. h3 (
8. Bf4 Nc7 9. Re1 Bg4 $5) 8... Nc7 9. Re1 (9. Bf4 $6 b5 $1) 9... b6 10. Bf4 Bb7
11. Bc4 (11. a4 a6 12. Rb1 Rb8 13. Qd2 b5 $1 14. axb5 axb5 15. b4 c4 16. Bh6
Qd7 $14 {Gavrikov,V-Torre,E/Lugano/1988/0:1/41/}) 11... a6 12. a4 Nh5 (12...
Qd7 13. Qd3 (13. e5 Nh5 14. Bg5 f6 15. exd6 exd6 16. Be3 f5 17. Qd2 Bxc3 $1 18.
Qxc3 f4 19. Bd2 b5 20. Ba2 Nxd5 21. Bxd5+ Bxd5 $17 {Beliavsky,A-Torre,E/Moscow/
1981/0,5/38/}) 13... Rad8 14. Rad1 (14. Rab1 $5 e6 15. b4 $14) 14... Qc8 15.
Qe3 Rfe8 16. Bh6 e6 $1 (16... Bh8 $2 17. Ng5 $1 Nd7 18. f4 $16 {Ivanchuk,
V-Torre,E/Biel/1989/1:0/35/}) 17. Bxg7 Kxg7 18. dxe6 Nxe6 $14 {Adianto,U-Torre,
E/San Francisco/1991/0,5/25/}) 13. Bh2 (13. Bg5 $5) 13... Qd7 (13... b5 14.
axb5 Bxc3 (14... axb5 15. Nxb5 Nxb5 16. Bxb5 Bxb2 17. Rb1 Bc3 18. Re3 Bg7 19.
c4 Bh6 20. Re1 Ra3 21. e5 $14 {Hebden,M-Sevillano,E/Dhaka/1995/1:0/53/}) 15.
bxc3 axb5 16. Bf1 Rxa1 17. Qxa1 f5 $1 18. c4 {Sosonko,G-Cifuentes Parada,R/NED/
1991/0,5/27/} (18. e5 Bxd5 19. Nd2 f4 20. c4 bxc4 21. Nxc4 Bxc4 22. exd6 exd6
23. Bxc4+ d5 24. Be2 Ng7 $15 {Kochyev,A-Hodgson,J/Tallinn/1987/0:1/68/}) 18...
fxe4 $1 19. Nd2 bxc4 $15 {Cifuentes Parada/}) 14. e5 $2 {/\ g4/} (14. Qd3 $1
$14) 14... b5 15. Bf1 f5 $1 {>< d5/} 16. axb5 (16. exf6 $5) 16... axb5 $17 17.
Rxa8 (17. Ra3 b4 18. Rb3 Rfb8 19. e6 Qe8 $19 {>< d5/}) 17... Rxa8 18. g4 (18.
e6 Qe8 $17) (18. Qd3 b4 $17) (18. exd6 exd6 $17 {/\ b4/}) 18... fxg4 19. exd6
exd6 20. Ng5 g3 $1 21. Bxg3 Nxg3 22. fxg3 Rf8 $1 (22... b4 23. Nce4 Bxb2 24. c3
$5 Bxc3 25. Nxc3 bxc3 26. Ne4 Qg7 27. Nxd6 Bxd5 {/\ Qd4/} 28. Nb5 Rd8 $17) 23.
Bg2 (23. Ne6 $5 Nxe6 24. dxe6 (24. Rxe6 Bd4+ $19 {/\ b4/}) 24... Qc6 $19) 23...
b4 24. Nce4 Nxd5 $1 (24... Bxb2 25. Ne6 Rf5 26. N4xc5 $1 dxc5 27. Nxc5 Qd6 $5 (
27... Qc8 28. Nxb7 Qxb7 29. d6 $44 {o^d/}) 28. Nxb7 Qxg3 {/\ Rf2/} 29. Rf1 Rxd5
30. Qg4 Qxg4 31. hxg4 $17 {_|_/}) 25. Kh2 Bxb2 $1 26. Nxh7 $6 (26. c4 $5 bxc3
27. Nxc3 $5 Bxc3 28. Bxd5+ Kh8 $19) 26... Kxh7 $1 27. Ng5+ Kh8 28. Bxd5 Rf2+
29. Kh1 Rf5 $1 $19 30. Bxb7 Qxb7+ $1 (30... Rxg5 31. Bg2 Rxg3 32. Qd2 Kg7 $19)
31. Ne4 Re5 32. Qf3 Qe7 33. Qf4 Kg7 $1 34. Qf3 d5 35. Qb3 Bd4 0-1

[Event "Candidates FIDE m1"]
[Site "Wijk aan Zee"]
[Date "1994.??.??"]
[Round "8"]
[White "Gelfand, Boris"]
[Black "Adams, Michael"]
[Result "1-0"]
[WhiteElo "2685"]
[BlackElo "2660"]
[Annotator "Gelfand,B"]
[PlyCount "73"]
[EventDate "1994.01.16"]
[EventType "match"]
[EventRounds "8"]
[EventCountry "NED"]
[SourceTitle "CBM 039"]
[Source "ChessBase"]
[SourceDate "1994.04.01"]
[SourceVersion "1"]
[SourceVersionDate "1994.04.01"]
[SourceQuality "1"]

1. d4 {Stohl} Nf6 2. Nf3 c5 3. d5 e6 4. Nc3 exd5 5. Nxd5 Nxd5 6. Qxd5 d6 (6...
Be7 {Stohl} 7. Bf4 Nc6 8. e4 d6 9. Qd2 Be6 10. Ng5 O-O 11. Nxe6 fxe6 12. Bc4
Nd4 13. c3 d5 14. Bd3 Nc6 15. O-O e5 16. Bg3 d4 17. Bc4+ Kh8 18. Bd5 Bg5 $10 {
Arkhangelsky,B-Pieri,F/Paris-ch/1993/}) (6... Nc6 {Stohl} 7. e4 Be7 (7... Nb4
8. Qd1 (8. Qb3 $142 $5 $14) 8... d5 9. c3 dxe4 10. Qxd8+ Kxd8 11. Ng5 Nc2+ 12.
Kd1 Nxa1 13. Nxf7+ Kc7 14. Bf4+ Kb6 15. Nxh8 Be6 16. c4 Be7 $17 {Primel,
D-Rovid,K/Capelle op/1993/}) (7... d6 8. Ng5 $5 (8. Bc4 Be6 9. Qd3 Nb4 $1 10.
Qe2 (10. Bb5+ Ke7 $1 11. Qe2 Nxc2+ 12. Qxc2 Qa5+ $17) 10... Bxc4 11. Qxc4 d5
$10) 8... Qc7 9. Bc4 Ne5 10. Bb5+ Bd7 (10... Nc6 11. Nxf7 $1) 11. Bxd7+ Qxd7
12. Bf4 Nc6 (12... h6 13. Bxe5 hxg5 14. Bg3 Be7 15. O-O-O Rd8 16. e5 $16 {
Cebalo-Passoni/Mendrisio op/1988/}) (12... Ng6 13. Bg3 h6 14. Nf3 $14) 13.
O-O-O h6 14. Nf3 O-O-O 15. Bg3 (15. c3 $142 $5) 15... Nb4 16. Qb3 Qe6 17. Qxe6+
fxe6 18. c3 Nc6 19. Rd3 Be7 20. Rhd1 Kc7 21. Nh4 Bxh4 22. Bxh4 g5 23. Bg3 e5
$10 {Hodgson,J-Armas,I/Wijk-B/1989/}) 8. Bc4 O-O 9. O-O d6 10. c3 Na5 11. Be2
Be6 12. Qh5 h6 13. Rd1 Nc6 14. Bf4 Qd7 15. Nd2 $16 {Schlosser,Ph-Priehoda,V/
Mitropa-Cup/1993/}) 7. e4 Be7 8. Bc4 O-O 9. Qh5 (9. O-O {Stohl} Be6 (9... Nd7
$1 10. Qd3 (10. Qd1 Nb6 11. Be2 d5 12. exd5 Nxd5 13. c3 Be6 14. Qc2 h6 15. Re1
Bf6 16. Bf1 Qc7 17. g3 Rad8 18. Nd2 Rfe8 $15 {Rubinetti,J-Kasparov,G/
Kasparov-ARG/1992/}) (10. Qh5 Nf6 11. Qh4 Bg4 12. c3 Qd7 13. Bg5 h6 14. Bxf6
Bxf6 15. Qg3 Be6 16. Bxe6 Qxe6 17. Rfe1 Rfd8 18. Qf4 b5 19. e5 $10 {Panno,
O-Cramling,P/Aruba/1992/}) 10... Nb6 11. Bb3 Bg4 12. c3 Qc7 13. Nd2 Rae8 14.
Nc4 Nxc4 15. Bxc4 Bf6 16. f3 Be6 17. Bf4 Bxc4 18. Qxc4 Be5 19. Bxe5 Rxe5 20.
Rad1 Qc6 21. Rf2 b5 22. Qd3 Re6 23. Rfd2 g6 $10 {Kochiev,A-Maus,S/Kobenhavn op/
1990/}) 10. Qd3 (10. Qxb7 $2 Bxc4 11. Qxa8 Qb6 {/\Nc6-+}) 10... Nc6 11. c3 Kh8
12. Bf4 Bxc4 13. Qxc4 f5 14. Rad1 fxe4 15. Qxe4 Qd7 16. Bg3 $16 {><d6/Vandrey,
W-Sandien,M/2BLN 9091/1991/}) 9... Be6 $1 $146 (9... Qe8) 10. Bxe6 (10. Bd5 $6
{Stohl} Nc6 {/\Nb4,g6}) 10... fxe6 11. Ng5 Bxg5 12. Bxg5 {+/- Dautov} Qa5+ $1
13. c3 (13. Bd2 Qa4 $1 14. Qg4 Qxc2 15. Qxe6+ Kh8 16. Be3 Qxb2 17. O-O Qf6 $17)
13... Nc6 (13... Qb5 $6 14. Qe2) (13... Qa6 {Stohl} 14. Be7 $1 Rc8 15. Qe2 $36)
14. O-O Rae8 (14... Qb5 15. Qd1 $1 Qxb2 16. Rb1 $1 (16. Qxd6 Rxf2 17. Qxe6+ Kh8
18. Rxf2 Qxa1+ 19. Rf1 Qxc3 20. Qf7 Rg8 $15) 16... Qxc3 (16... Qxa2 17. Rxb7)
17. Qxd6 Nd4 18. Rxb7 $13 Ne2+ $140 $2 19. Kh1 Rxf2 $4 20. Rb8+ $18) 15. Bh4 $6
(15. Rfd1 $5 c4 $1 16. Qh4 Qb6) (15. Qe2 $5 c4 16. Bh4 d5 17. Bg3) 15... Qb5
16. Bg3 e5 $1 17. Rfb1 $1 (17. Rab1 Qc4 18. Qd1 Rd8 $15) (17. b3 Qd3 $17) 17...
Qc4 (17... Re6 {Stohl} 18. Qd1 Ref6 19. Qd2 $14 {/\f3,Rd1}) 18. Re1 b5 19. Qg4
$5 {/\ Qd7} (19. Qe2 $6 Qxe2 20. Rxe2 Kf7 $15) 19... Qe6 (19... Rf7 20. Rad1
Rd8 $140 21. Bh4) 20. Qe2 {!? Stohl} (20. Qxe6+ Rxe6 $15) 20... Rb8 21. a4 bxa4
$2 (21... b4 $142 22. a5 $1 $13 (22. Red1 {Stohl} Na5 $5 $132)) 22. Qa6 $1 (22.
Rxa4 {Stohl} Rb6 $36 {/\Rb8,Qb3}) 22... Rb6 (22... Qc8 23. Qc4+ Kh8 24. Re2 $14
{x Nc6}) 23. Qxa4 $14 Qb3 $2 24. Qxb3+ Rxb3 25. Red1 $1 Rxb2 $2 (25... Rf6 $142
26. Ra6 Rb6 27. Rda1 Rf8 $14) (25... Rd8 26. Ra6 Rb6 27. Rxb6 (27. Ra2 {Stohl}
Kf7 28. f4 $5 $14) 27... axb6 28. f4 $1 $16 (28. Ra1 Kf7 $10)) 26. Rxd6 Rfb8
27. h3 R8b6 (27... Rb1+ 28. Rxb1 Rxb1+ 29. Kh2 Rb6 30. Rd5 a5 31. Bxe5 Nxe5 (
31... a4 32. Bd6 a3 (32... Ra6 33. Rd2 $16) 33. Rf5 $18) 32. Rxe5 Ra6 33. Rxc5
a4 34. Rb5 a3 35. Rb1 a2 36. Ra1 $16) 28. Rd5 a5 29. Bxe5 Rb1+ 30. Rxb1 Rxb1+
31. Kh2 c4 (31... a4 32. Bd6 a3 33. Rf5) (31... Nxe5 $142 32. Rxe5 Rb8 $16 (
32... a4 {Stohl} 33. Rxc5 a3 34. Ra5 Rb3 35. c4 $18)) 32. Bd6 a4 33. Rf5 h6 (
33... g6 {Stohl} 34. Rf8+ Kg7 35. Rc8 Rb6 36. e5 $18) 34. Rf8+ Kh7 35. Ra8 Rb3
36. e5 $1 Rxc3 37. e6 1-0